Administración financiera (Registro nro. 1419)

Detalles MARC
000 -LEADER
fixed length control field 01090 a2200289 4500
001 - CONTROL NUMBER
control field 25795
005 - DATE AND TIME OF LATEST TRANSACTION
control field 20260407155541.0
008 - FIXED-LENGTH DATA ELEMENTS--GENERAL INFORMATION
fixed length control field 260407a1984 arg spa d
003 - CONTROL NUMBER IDENTIFIER
control field AR-UNSa-BCEJYS
040 ## - CATALOGING SOURCE
Original cataloging agency AR-UNSa-BCEJYS
Language of cataloging spa
Transcribing agency AR-UNSa-BCEJYS
080 ## - UNIVERSAL DECIMAL CLASSIFICATION NUMBER
Universal Decimal Classification number 658.15
Common auxiliary subdivision Administración financiera privada. Gestión financiera de empresas<br/>
100 1# - MAIN ENTRY--PERSONAL NAME
Personal name Basagaña, Eduardo J.
245 10 - TITLE STATEMENT
Title Administración financiera
Name of part/section of a work primera parte
250 ## - EDITION STATEMENT
Edition statement 3a. ed.
264 #1 - PRODUCTION, PUBLICATION, DISTRIBUTION, MANUFACTURE, AND COPYRIGHT NOTICE
Place of production, publication, distribution, manufacture Buenos Aires :
Name of producer, publisher, distributor, manufacturer Ediciones Macchi
Date of production, publication, distribution, manufacture, or copyright notice 1984
300 ## - PHYSICAL DESCRIPTION
Extent 138 p.
Dimensions 22 cm.
505 ## - FORMATTED CONTENTS NOTE
Formatted contents note 1. La función financiera - 2. Cálculo financiero - 3. Instrumentos para el análisis y control financiero - 4. El costo de capital
590 ## - LOCAL NOTE (RLIN)
Local note niveau_biblio:m niveau_hierar:0
700 1# - ADDED ENTRY--PERSONAL NAME
Personal name Gonzalez Dosil, Roberto
700 1# - ADDED ENTRY--PERSONAL NAME
Personal name Rosenzvaig, Alfredo
700 1# - ADDED ENTRY--PERSONAL NAME
Personal name Barboza, Guillermo E.
700 1# - ADDED ENTRY--PERSONAL NAME
Personal name Baigun, Alberto
700 1# - ADDED ENTRY--PERSONAL NAME
Personal name Groll, Simon A.
700 1# - ADDED ENTRY--PERSONAL NAME
Personal name Baer, Carlos A.
856 41 - ELECTRONIC LOCATION AND ACCESS
Uniform Resource Identifier <a href="https://biblioeco.unsa.edu.ar/pmb/images/libros/Administracion Financiera 3ed v1.jpg">https://biblioeco.unsa.edu.ar/pmb/images/libros/Administracion Financiera 3ed v1.jpg</a>
Link text Imagen de portada
Electronic format type image/jpeg
942 ## - ADDED ENTRY ELEMENTS (KOHA)
Koha item type
Existencias
Withdrawn status Lost status Damaged status Not for loan Home library Current library Shelving location Date acquired Total checkouts Full call number Barcode Date last seen Price effective from Koha item type
        Biblioteca Prof. Eusebio Cleto del Rey Biblioteca Prof. Eusebio Cleto del Rey   07/04/2026   658.15 B297 v.1 3ed. L39566 07/04/2026 07/04/2026 Libro
        Biblioteca Prof. Eusebio Cleto del Rey Biblioteca Prof. Eusebio Cleto del Rey   07/04/2026   658.15 B297 v.1 3ed. L39565 07/04/2026 07/04/2026 Libro
        Biblioteca Prof. Eusebio Cleto del Rey Biblioteca Prof. Eusebio Cleto del Rey   07/04/2026   658.15 B297 v.1 3ed. L39568 07/04/2026 07/04/2026 Libro
        Biblioteca Prof. Eusebio Cleto del Rey Biblioteca Prof. Eusebio Cleto del Rey   07/04/2026   658.15 B297 v.1 3ed. L39567 07/04/2026 07/04/2026 Libro